Podmienky odolnosti vysokolegovaných austenitických a dvojfázových ocelí proti koróznemu praskaniu v prostredí vodných roztokov Cl iónov : Diplomová práca

Salvato in:
Dettagli Bibliografici
Autore principale: Trsťanová, Terézia (Autore)
Altri autori: Bakai, Gejza (xxx)
Natura: Manoscritto Libro
Lingua:slovacco
Pubblicazione: Trnava : STU v Bratislave MtF KMI, 2000
Soggetti:
Tags: Aggiungi Tag
Nessun Tag, puoi essere il primo ad aggiungerne!!

MARC

LEADER 00000ntm a22000003a 4500
001 stu85635
005 20160719154730.5
008 040405s2000----xo------------------slo-d
040 |a STU  |b slo 
041 0 |a slo 
044 |a xo 
100 1 |a Trsťanová, Terézia  |4 aut 
245 1 |a Podmienky odolnosti vysokolegovaných austenitických a dvojfázových ocelí proti koróznemu praskaniu v prostredí vodných roztokov Cl iónov :  |b Diplomová práca 
260 |a Trnava :  |b STU v Bratislave MtF KMI,  |c 2000 
300 |a 67 s 
650 7 |a materiálové inžinierstvo  |2 stusub 
650 7 |a kovové a nekovové materiály  |2 stusub 
700 1 |a Bakai, Gejza  |4 xxx